Logo BPK

Biblioteka

Politechniki Koszalińskiej

The Lion of Poland : (Rekord nr 47798)

Szczegóły MARC
000 -ETYKIETA REKORDU
podpole kontrolne o stałej długości 00682nam a2200217 i 4500
001 - NUMER KONTROLNY REKORDU
pole kontrolne bgj
040 ## - ŹRÓDŁO KATALOGOWANIA
Instytucja, która utworzyła rekord BPK
041 0# - KOD JĘZYKA
Kod języka tekstu eng
008 - POLE O STAŁEJ DŁUGOŚCI - DANE KONTROLNE
podpole kontrolne o stałej długości s uk f |000 0 eng
100 1# - NAZWA OSOBOWA
Nazwa osobowa HUME, Ruth
Daty związane z nazwą (1922- )
245 10 - TYTUŁ/ODPOWIEDZIALNOŚĆ
Tytuł The Lion of Poland :
Ciąg dalszy tytułu the story of Paderewski /
Pozostałe elementy strefy tytułu i oznaczenia odpowiedzialności by Ruth and Paul Hume ; illustrated by Lili Rethi.
260 ## - STREFA ADRESU WYDAWNICZEGO
Miejsce wydania New York :
Nazwa wydawcy/dystrybutora Hawthorn Books, Inc.,
Data publikacji, dystrybucji/powstania dokumentu c. 1962.
300 ## - STREFA OPISU FIZYCZNEGO
Objętość 192 pp :
Inne cechy fizyczne ill., map ;
Rozmiary 22 cm.
504 ## - UWAGA DOTYCZĄCA BIBLIOGRAFII
Informacje o bibliografii Bibliography p. 187.
505 ## - SFORMALIZOWANA UWAGA DOTYCZĄCA ZAWARTOŚCI
Pełny tekst uwagi Includes index.
600 19 - HASŁO PRZEDMIOTOWE W FORMIE NAZWY OSOBOWEJ
Nazwa osobowa Paderewski, Ignace, Jan, 1860-1941
655 ## - TERMIN INDEKSOWY - OKREŚLENIE RODZAJU/FORMY DOKUMENTU
Określenie rodzaju/formy dokumentu Juvenile literature
700 1# - HASŁO DODATKOWE - NAZWA OSOBOWA
Nazwa osobowa HUME, Paul
Daty związane z nazwą (1915- ).
Określenie związku między hasłem a opisywanym materiałem co-author
700 1# - HASŁO DODATKOWE - NAZWA OSOBOWA
Nazwa osobowa RETHI, Lili.
Określenie związku między hasłem a opisywanym materiałem ill.
856 ## - LOKALIZACJA I DOSTĘP DO ELEKTRONICZNYCH DOKUMENTÓW ZDALNYCH
Link (URL) http://koha.tu.koszalin.pl/cgi-bin/koha/opac-detail.pl?biblionumber=47798
Tekst linku Katalog online BPK
942 ## - DODATKOWE ELEMENTY (KOHA)
Typ dokumentu Książka
Egzemplarze
Wycofany Status egzemplarza Uszkodzony Dostępność Lokalizacja stała Lokalizacja bieżąca Miejsce przechowywania Sygnatura Kod kreskowy Typ dokumentu
      Dostępny Biblioteka Politechniki Koszalińskiej Biblioteka Politechniki Koszalińskiej Wypożyczalnia Językowa KA 4494 09086357 Książka
© 2023 Biblioteka Politechniki Koszalińskiej :: KOHA